[Event "World Rapid Women 2017"]
[Site "Riyadh KSA"]
[Date "2017.12.26"]
[Round "2.25"]
[White "Fierro Baquero, Martha L."]
[Black "Batsiashvili, Nino"]
[Result "1-0"]
[WhiteTitle "IM"]
[BlackTitle "IM"]
[WhiteElo "2369"]
[BlackElo "2502"]
[WhiteFideId "3600270"]
[BlackFideId "13602993"]
[EventDate "2017.12.26"]

1. c4 e6 2. Nf3 d5 3. b3 Nf6 4. g3 d4 5. Bg2 Nc6 6. O-O e5 7. e3 Be7 8. exd4
exd4 9. d3 O-O 10. Ba3 Re8 11. Qd2 a5 12. Bxe7 Rxe7 13. Na3 Bf5 14. Nb5 Qd7 15.
Rfe1 Rae8 16. Rxe7 Rxe7 17. Re1 Rxe1+ 18. Nxe1 h5 19. Nc2 Ng4 20. Qf4 Bxd3 21.
Ncxd4 Nxd4 22. Qxd4 Qxd4 23. Nxd4 c6 24. h3 Nf6 25. Bf1 Bb1 26. a3 c5 27. Nf3
Bc2 28. Nd2 Kf8 29. Bg2 b6 30. Kf1 Ke7 31. Ke2 Ke6 32. Ke3 Ke5 33. f4+ Ke6 34.
Bf3 g6 35. g4 h4 36. g5 Ne8 37. Be4 Bd1 38. Bd5+ Ke7 39. Bf3 Bxf3 40. Nxf3 Nd6
41. Kd3 Nf5 42. Ne5 Nd4 43. b4 axb4 44. axb4 Ne6 45. bxc5 Nxc5+ 46. Kd4 Ke6 47.
Ke3 Ke7 48. Nf3 Ne6 49. Nxh4 Kd6 50. Nf3 Ng7 51. Ne5 Nf5+ 52. Kd3 Ke6 53. Nf3
Nd6 54. Nd4+ Ke7 55. Kc3 f6 56. Kd3 Kf7 57. Nb5 Nf5 58. Ke4 Ke7 59. Nc7 fxg5 60.
fxg5 Kd6 61. Nd5 Kc5 62. Nf4 Nh4 63. Kd3 Kc6 64. Nd5 Nf5 65. Ke4 Kc5 66. Ke5 Nh4
67. Ke6 Kxc4 68. Nxb6+ Kd4 69. Kf6 Ke4 70. Nd7 Kf4 71. Ne5 Kg3 72. Nxg6 Nf3 73.
h4 Kg4 74. Ne5+ 1-0

[Event "World Rapid Women 2017"]
[Site "Riyadh KSA"]
[Date "2017.12.26"]
[Round "2.26"]
[White "Zozulia, Anna"]
[Black "Melia, Salome"]
[Result "1/2-1/2"]
[WhiteTitle "IM"]
[BlackTitle "IM"]
[WhiteElo "2316"]
[BlackElo "2404"]
[WhiteFideId "14102110"]
[BlackFideId "13602446"]
[EventDate "2017.12.26"]

1. e4 c5 2. Nf3 Nc6 3. Nc3 g6 4. d4 cxd4 5. Nxd4 Bg7 6. Be3 Nf6 7. Nb3 O-O 8.
Be2 b6 9. O-O Bb7 10. Qd2 d5 11. exd5 Nb4 12. Bf3 Nbxd5 13. Nxd5 Bxd5 14. Bxd5
Qxd5 15. Qe2 e5 16. Rad1 Qe6 17. c3 a5 18. Qb5 a4 19. Nc1 Ra5 20. Qxb6 Qxb6 21.
Bxb6 Rb5 22. Bc7 Rc8 23. c4 Rxb2 24. Bxe5 Rc2 25. Nd3 Rxa2 26. c5 Ne4 27. Bxg7
Kxg7 28. c6 Nc3 29. Rde1 a3 30. Re3 Re2 31. Nb4 Rxe3 32. fxe3 a2 33. Ra1 Kf6 34.
Nxa2 Nxa2 35. Rxa2 Rxc6 36. Kf2 1/2-1/2

[Event "World Rapid Women 2017"]
[Site "Riyadh KSA"]
[Date "2017.12.26"]
[Round "2.27"]
[White "Buksa, Nataliya"]
[Black "Atalik, Ekaterina"]
[Result "1-0"]
[WhiteTitle "WGM"]
[BlackTitle "IM"]
[WhiteElo "2385"]
[BlackElo "2451"]
[WhiteFideId "14123622"]
[BlackFideId "4130189"]
[EventDate "2017.12.26"]

1. d4 d5 2. Nc3 Nf6 3. Bf4 g6 4. e3 Bg7 5. h4 h5 6. Nf3 Bg4 7. Be2 O-O 8. Ne5
Bxe2 9. Qxe2 Nbd7 10. O-O-O c6 11. f3 Qc8 12. g4 b5 13. Bg5 b4 14. Na4 hxg4 15.
Nxd7 Qxd7 16. Bxf6 gxf3 17. Qxf3 exf6 18. h5 f5 19. Qg3 Qe7 20. hxg6 fxg6 21.
Qxg6 Qxe3+ 22. Kb1 Rf6 23. Qh7+ Kf7 24. Qh5+ Kg8 25. Rdg1 Rf7 26. Qh8# 1-0

[Event "World Rapid Women 2017"]
[Site "Riyadh KSA"]
[Date "2017.12.26"]
[Round "2.28"]
[White "Javakhishvili, Lela"]
[Black "Mamedjarova, Turkan"]
[Result "0-1"]
[WhiteTitle "IM"]
[BlackTitle "WGM"]
[WhiteElo "2449"]
[BlackElo "2260"]
[WhiteFideId "13601458"]
[BlackFideId "13402005"]
[EventDate "2017.12.26"]

1. Nf3 Nf6 2. c4 e6 3. g3 d5 4. b3 c6 5. Bg2 Nbd7 6. Bb2 Bd6 7. Nc3 O-O 8. O-O
Qe7 9. a3 a6 10. Qc2 Re8 11. d4 dxc4 12. bxc4 e5 13. e3 Ng4 14. h3 Ngf6 15. Ng5
Nf8 16. a4 h6 17. Nge4 Nxe4 18. Nxe4 Bf5 19. d5 cxd5 20. cxd5 Red8 21. Qb3 Bxe4
22. Bxe4 Nd7 23. Bg2 Rac8 24. h4 Nc5 25. Qc4 Rc7 26. Bh3 Qe8 27. a5 Qb5 28. Qxb5
axb5 29. Ba3 Nb3 30. Bxd6 Rxd6 31. Ra3 Nd2 32. Rd1 Rc2 33. Bg2 e4 34. Rxd2 Rxd2
35. Bxe4 Rd1+ 36. Kg2 Ra6 37. Rc3 g6 38. Rc7 Rxa5 39. Rxb7 Rd2 40. h5 Ra4 41.
Kf3 g5 42. Rxb5 g4+ 43. Kf4 Rxf2+ 44. Ke5 f6+ 45. Kd6 Rxe4 46. Kd7 Rxe3 47. d6
Rd2 48. Rb6 Kf7 49. Rc6 Rxg3 50. Kd8 Rgd3 0-1

[Event "World Rapid Women 2017"]
[Site "Riyadh KSA"]
[Date "2017.12.26"]
[Round "2.29"]
[White "Tokhirjonova, Gulrukhbegim"]
[Black "Zatonskih, Anna"]
[Result "1-0"]
[WhiteTitle "WGM"]
[BlackTitle "IM"]
[WhiteElo "2329"]
[BlackElo "2452"]
[WhiteFideId "14203626"]
[BlackFideId "14101572"]
[EventDate "2017.12.26"]

1. e4 e5 2. Nf3 Nf6 3. Nc3 Bb4 4. Bc4 d6 5. d3 c6 6. O-O O-O 7. Bb3 Nbd7 8. Ne2
Nc5 9. Ng3 Nxb3 10. axb3 h6 11. c3 Bc5 12. h3 Re8 13. b4 Bb6 14. c4 d5 15. c5
Bc7 16. Qc2 Be6 17. Re1 a6 18. Bd2 Nd7 19. Bc3 d4 20. Bd2 Kh7 21. Nh2 Qh4 22.
Rf1 Nf8 23. Rae1 Ng6 24. Nf5 Bxf5 25. exf5 Ne7 26. Re4 Qf6 27. g4 Nd5 28. Rfe1
Re7 29. Qd1 g6 30. fxg6+ Qxg6 31. Nf3 Qf6 32. g5 Qf5 33. Rh4 Re6 34. Ree4 Rg8
35. Kh1 Reg6 36. Qe2 f6 37. gxh6 Ne7 38. Reg4 Rxg4 39. hxg4 Rxg4 40. Rxg4 Qxg4
41. Ng5+ 1-0

[Event "World Rapid Women 2017"]
[Site "Riyadh KSA"]
[Date "2017.12.26"]
[Round "2.30"]
[White "Ambartsumova, Karina"]
[Black "Assaubayeva, Bibisara"]
[Result "0-1"]
[WhiteTitle "WGM"]
[BlackTitle "FM"]
[WhiteElo "2359"]
[BlackElo "2381"]
[WhiteFideId "4166299"]
[BlackFideId "13708694"]
[EventDate "2017.12.26"]

1. d4 Nf6 2. Nf3 g6 3. Bg5 Bg7 4. Nbd2 d5 5. e3 O-O 6. Be2 c5 7. O-O Qb6 8. Rb1
Nc6 9. Nb3 c4 10. Nbd2 Qa5 11. a3 b5 12. c3 Bf5 13. Ra1 Qb6 14. Ne5 a5 15. f4
Ra7 16. Bf3 h6 17. Bh4 Be6 18. Qe2 Ne8 19. Bf2 Nxe5 20. fxe5 b4 21. axb4 axb4
22. Rxa7 Qxa7 23. cxb4 Qa2 24. e4 dxe4 25. Nxe4 Nc7 26. Nc3 Qb3 27. d5 Bf5 28.
Rd1 Bd3 29. Qd2 Qxb4 30. Bd4 Rb8 31. Ne2 Qxd2 32. Rxd2 Nb5 33. Bc5 Bxe5 34. Bxe7
Nd4 35. Nc1 Bf4 36. Rd1 Bc2 37. Rf1 Be3+ 38. Kh1 Rxb2 39. d6 Bf5 40. Bd5 Rb1 41.
Bxc4 Rxc1 42. Rxc1 Bxc1 43. Bf6 Nc6 44. Bb5 Nb8 45. Kg1 Nd7 46. Be7 Kg7 47. Kf2
f6 48. Kf3 h5 49. Ba4 Kf7 50. Bb5 Ne5+ 51. Ke2 Bd7 52. Ba6 Nc6 53. Bc4+ Be6 54.
Ba6 Nxe7 0-1

[Event "World Rapid Women 2017"]
[Site "Riyadh KSA"]
[Date "2017.12.26"]
[Round "2.31"]
[White "Galojan, Lilit"]
[Black "Gevorgyan, Maria"]
[Result "1/2-1/2"]
[WhiteTitle "IM"]
[BlackTitle "WIM"]
[WhiteElo "2300"]
[BlackElo "2275"]
[WhiteFideId "13301314"]
[BlackFideId "13300270"]
[EventDate "2017.12.26"]

1. Nf3 Nf6 2. g3 e6 3. Bg2 d5 4. b3 Be7 5. c4 b6 6. O-O Bb7 7. Bb2 O-O 8. d3 c5
9. e3 Nc6 10. Qe2 Qc7 11. Nc3 a6 12. Rac1 Rad8 13. cxd5 exd5 14. d4 cxd4 15.
Nxd4 Nxd4 16. exd4 Qd6 17. Na4 Rfe8 18. Qe5 Nd7 19. Qxd6 Bxd6 20. Bh3 b5 21. Nc5
Bxc5 22. dxc5 Bc6 23. Bd4 Nf8 24. Rfe1 Re4 25. Rcd1 Ne6 26. Bxe6 Rxe6 27. Rxe6
fxe6 28. b4 Ra8 29. Rd3 a5 30. Ra3 axb4 31. Rxa8+ Bxa8 32. f4 Kf7 33. Kf2 g6 34.
Ke3 Ke7 35. Kd3 Kd7 36. Kc2 Bc6 37. Kb3 Kc7 38. Kxb4 Kb7 39. a3 Ka6 40. Bf6 Be8
41. Bc3 Bf7 42. Bd4 Be8 43. Bc3 Bc6 44. Kb3 Kb7 45. Bf6 Be8 46. Kc3 Kc6 47. Kd4
Bd7 48. Bd8 Bc8 49. Ba5 Bb7 50. Bb4 Kd7 51. Ke5 Bc8 52. Bc3 Bb7 53. Kf6 d4 54.
Bxd4 Be4 55. Bc3 h5 56. Bb4 Bf5 57. Ke5 Kc6 58. Kd4 Bg4 59. Ba5 Bf5 60. Bd8 Bg4
61. Be7 Bf5 62. Ke5 Kd7 63. Bf8 Kc6 64. Kf6 Kd5 65. Bd6 Kc6 66. Ke5 Kd7 67. Kd4
Kc6 68. Ke3 Kd5 69. Bf8 Bh3 70. Kf3 Bf5 71. Be7 Be4+ 72. Ke3 Bh1 73. Kd3 Bg2 74.
Kc3 Be4 75. Bf8 Bf3 76. Kb4 Be2 77. a4 bxa4 78. Kxa4 Kc6 79. Kb4 Ba6 80. Kc3 Kd5
81. Kd2 Ke4 82. Be7 Kd5 83. Ke3 Bb5 84. Kf3 Ba4 85. Kg2 Bd7 86. Bd6 Ke4 87. Kh3
e5+ 88. Kh4 exf4 89. Bxf4 Kd5 90. Kg5 Bf5 1/2-1/2

[Event "World Rapid Women 2017"]
[Site "Riyadh KSA"]
[Date "2017.12.26"]
[Round "2.32"]
[White "Badelka, Olga"]
[Black "Ushenina, Anna"]
[Result "0-1"]
[WhiteTitle "WIM"]
[BlackTitle "GM"]
[WhiteElo "2388"]
[BlackElo "2416"]
[WhiteFideId "13509926"]
[BlackFideId "14110911"]
[EventDate "2017.12.26"]

1. d4 d5 2. c4 c6 3. Nf3 Nf6 4. e3 Bf5 5. Nc3 e6 6. Nh4 Be4 7. f3 Bg6 8. Qb3 Qb6
9. c5 Qc7 10. Be2 Nbd7 11. Nxg6 hxg6 12. f4 b6 13. cxb6 axb6 14. Bd2 Be7 15. Rc1
c5 16. dxc5 bxc5 17. Qc2 O-O 18. g4 d4 19. exd4 Qb7 20. d5 Nxd5 21. Bf3 Bh4+ 22.
Ke2 Qa6+ 23. Qd3 c4 24. Qd4 Bf6 25. Qf2 Rab8 26. g5 Be7 27. Bxd5 exd5 28. Nxd5
Qe6+ 29. Ne3 Rxb2 30. Rhd1 Nc5 31. Rxc4 Rd8 32. Qf3 Qa6 33. Ke1 Qxa2 34. Nd5
Qxc4 35. Nxe7+ Kf8 36. Nc6 Nd3+ 37. Kf1 Ne5+ 0-1

[Event "World Rapid Women 2017"]
[Site "Riyadh KSA"]
[Date "2017.12.26"]
[Round "2.33"]
[White "Lagno, Kateryna"]
[Black "Nguyen, Thi Mai Hung"]
[Result "1-0"]
[WhiteTitle "GM"]
[BlackTitle "WGM"]
[WhiteElo "2547"]
[BlackElo "2321"]
[WhiteFideId "14109336"]
[BlackFideId "12401676"]
[EventDate "2017.12.26"]

1. e4 c5 2. Nf3 g6 3. d4 cxd4 4. Nxd4 Nc6 5. c4 Nf6 6. Nc3 Nxd4 7. Qxd4 d6 8.
Bg5 Bg7 9. Qd2 O-O 10. Bd3 Be6 11. O-O Re8 12. Rac1 Rc8 13. b3 Qa5 14. Rc2 a6
15. Rfc1 Ng4 16. Nd5 Qxd2 17. Bxd2 Bd4 18. Bc3 Bxc3 19. Rxc3 Kg7 20. f4 Nf6 21.
h3 Nd7 22. Be2 Kf8 23. Bf3 Nb8 24. f5 Bd7 25. f6 e6 26. Nb6 Rc6 27. Nxd7+ Nxd7
28. e5 d5 29. cxd5 Rxc3 30. Rxc3 Nxe5 31. Be4 exd5 32. Bxd5 b6 33. Rc7 Rd8 34.
b4 h6 35. Bb3 Kg8 36. Re7 Nc6 37. Rxf7 Kh8 38. Rg7 Nxb4 39. Rxg6 Kh7 40. Rg4 Nc6
41. f7 Ne7 42. Re4 Ng6 43. Re8 Rd2 44. f8=Q Nxf8 45. Rxf8 a5 46. Rb8 Rd6 47. a4
Kg6 48. Bc4 Kg5 49. Bb5 h5 50. Kh2 Kf4 51. Rc8 1-0

[Event "World Rapid Women 2017"]
[Site "Riyadh KSA"]
[Date "2017.12.26"]
[Round "2.34"]
[White "Bodnaruk, Anastasia"]
[Black "Batchimeg, Tuvshintugs"]
[Result "1-0"]
[WhiteTitle "IM"]
[BlackTitle "IM"]
[WhiteElo "2428"]
[BlackElo "2398"]
[WhiteFideId "4181751"]
[BlackFideId "4900839"]
[EventDate "2017.12.26"]

1. e4 e5 2. Nf3 Nc6 3. Bb5 a6 4. Ba4 Nf6 5. O-O Be7 6. Re1 b5 7. Bb3 O-O 8. a4
b4 9. a5 d6 10. d3 Rb8 11. Bc4 Nd7 12. Be3 Bf6 13. c3 Ne7 14. d4 c5 15. dxe5
Nxe5 16. Nxe5 Bxe5 17. f4 Bf6 18. e5 dxe5 19. Qxd8 Rxd8 20. fxe5 Bxe5 21. Bg5
Bf6 22. Bxf6 gxf6 23. Rxe7 Rd1+ 24. Kf2 Bf5 25. Re1 Rd6 26. cxb4 cxb4 27. b3 Rc8
28. Ra4 Rc5 29. Rxb4 Rxa5 30. Nc3 Rd2+ 31. Re2 Rd6 32. Ne4 Rc6 33. Ng3 Bg6 34.
Rb7 f5 35. Ree7 Rf6 36. h4 Ra2+ 37. Re2 Rxe2+ 38. Nxe2 f4 39. Ra7 1-0

[Event "World Rapid Women 2017"]
[Site "Riyadh KSA"]
[Date "2017.12.26"]
[Round "2.35"]
[White "Charochkina, Daria"]
[Black "Munguntuul, Batkhuyag"]
[Result "0-1"]
[WhiteTitle "IM"]
[BlackTitle "IM"]
[WhiteElo "2317"]
[BlackElo "2397"]
[WhiteFideId "4180917"]
[BlackFideId "4900758"]
[EventDate "2017.12.26"]

1. d4 d5 2. c4 c6 3. Nc3 Nf6 4. Nf3 a6 5. c5 Nbd7 6. Bf4 Nh5 7. Qd2 Nxf4 8. Qxf4
g6 9. e4 dxe4 10. Nxe4 Bg7 11. O-O-O Nf6 12. Bc4 Nd5 13. Qd2 h6 14. Ne5 Be6 15.
Rhe1 Qc7 16. Nc3 Nxc3 17. Qxc3 Bxe5 18. dxe5 Qc8 19. g4 O-O 20. Rd4 Rb8 21. Qe3
Kg7 22. Bd3 b6 23. cxb6 c5 24. Ra4 Rxb6 25. b3 Rd8 26. Bc4 Rd4 27. Bxe6 Rxe6 28.
Ra5 Rc6 29. Qc3 Qxg4 30. Rxc5 Qf4+ 31. Re3 Rd3 32. Rxc6 Rxc3+ 33. Rxc3 Qxf2 34.
a4 Qxh2 35. Rc6 Qh1+ 0-1

[Event "World Rapid Women 2017"]
[Site "Riyadh KSA"]
[Date "2017.12.26"]
[Round "2.36"]
[White "Mamedjarova, Zeinab"]
[Black "Cramling, Pia"]
[Result "1-0"]
[WhiteTitle "WGM"]
[BlackTitle "GM"]
[WhiteElo "2363"]
[BlackElo "2450"]
[WhiteFideId "13401521"]
[BlackFideId "1700030"]
[EventDate "2017.12.26"]

1. d4 Nf6 2. Nf3 d5 3. e3 e6 4. Bd3 c5 5. b3 Nc6 6. O-O Bd6 7. Bb2 O-O 8. Nbd2
b6 9. a3 Bb7 10. c4 cxd4 11. exd4 Ne7 12. Re1 Ng6 13. Ne5 Rc8 14. Rc1 dxc4 15.
Ndxc4 Bb8 16. b4 Nf4 17. Bf1 Qd5 18. f3 Ng6 19. Qd2 Nxe5 20. dxe5 Qxd2 21. Nxd2
Nd5 22. Ne4 Rxc1 23. Rxc1 Rc8 24. Rxc8+ Bxc8 25. b5 Kf8 26. a4 Ke8 27. g3 Ne3
28. Bd3 Bb7 29. Bd4 Nf5 30. Bc3 Bd5 31. g4 Nh4 32. Kf2 Ng6 33. Nd6+ Bxd6 34.
exd6 Kd7 35. Bxg7 Kxd6 36. Kg3 Bb3 37. h4 Ke7 38. a5 bxa5 39. Bd4 e5 40. Bxa7
Kd6 41. b6 Bd5 42. Bc4 Bb7 43. Bxf7 a4 44. h5 Nf8 45. Bb8+ Ke7 46. Bg8 Nd7 47.
Bc7 a3 48. g5 Kf8 49. Be6 Ke7 50. Bxd7 Kxd7 51. Bxe5 Ke6 52. g6 h6 53. Bd4 a2
54. Kf4 Bd5 55. Ke3 Kd7 56. f4 Ke6 57. f5+ Kxf5 58. g7 1-0

[Event "World Rapid Women 2017"]
[Site "Riyadh KSA"]
[Date "2017.12.26"]
[Round "2.37"]
[White "Hoang, Thi Bao Tram"]
[Black "Socko, Monika"]
[Result "0-1"]
[WhiteTitle "WGM"]
[BlackTitle "GM"]
[WhiteElo "2410"]
[BlackElo "2471"]
[WhiteFideId "12401102"]
[BlackFideId "1106619"]
[EventDate "2017.12.26"]

1. d4 Nf6 2. c4 e6 3. Nc3 Bb4 4. Qc2 O-O 5. a3 Bxc3+ 6. Qxc3 d6 7. Bg5 Nbd7 8.
f3 c5 9. dxc5 dxc5 10. e3 Re8 11. Bd3 e5 12. O-O-O Qe7 13. Qc2 Nf8 14. Ne2 Bd7
15. Nc3 Bc6 16. Be4 Qe6 17. Bd5 Bxd5 18. cxd5 Qd6 19. Kb1 N6d7 20. Ne4 Qa6 21.
Nxc5 Nxc5 22. Qxc5 Qg6+ 23. e4 Qxg5 24. g3 Rec8 25. Qf2 Nd7 26. d6 Qf6 27. Rd2
Rc6 28. Rhd1 b6 29. Qe3 Qe6 30. f4 Rd8 31. f5 Qc4 32. Rd5 Nf6 33. R5d3 Qxe4 34.
Qxe4 Nxe4 35. Re1 Nc5 36. Rc3 Rcxd6 37. Rxe5 f6 38. Ree3 Kf7 39. Ka2 Rd2 40. h3
R8d7 41. g4 a5 42. Re1 a4 43. Rc4 Rh2 44. Re3 Nd3 45. Rxa4 Nxb2 0-1

[Event "World Rapid Women 2017"]
[Site "Riyadh KSA"]
[Date "2017.12.26"]
[Round "2.38"]
[White "Nechaeva, Marina"]
[Black "Vijayalakshmi, Subbaraman"]
[Result "0-1"]
[WhiteTitle "IM"]
[BlackTitle "IM"]
[WhiteElo "2424"]
[BlackElo "2357"]
[WhiteFideId "4149351"]
[BlackFideId "5004098"]
[EventDate "2017.12.26"]

1. d4 Nf6 2. c4 e6 3. Nc3 Bb4 4. Nf3 O-O 5. Bg5 h6 6. Bh4 d5 7. e3 b6 8. cxd5
exd5 9. Rc1 Bb7 10. Be2 Nbd7 11. O-O a6 12. Ne5 Be7 13. f4 Ne8 14. Bxe7 Qxe7 15.
Qb3 Ndf6 16. Bf3 Rd8 17. a4 Rd6 18. a5 Ne4 19. Nxe4 dxe4 20. Be2 b5 21. Rc5 Qe6
22. Qxe6 fxe6 23. Rfc1 Bd5 24. Bh5 Nf6 25. Bg6 Nd7 26. Rxc7 Nxe5 27. fxe5 Rdd8
28. Ra7 Ra8 29. Rxa8 Rxa8 30. Rc7 Rf8 31. h3 h5 32. h4 Rb8 33. b4 Kf8 34. Bxh5
Rd8 35. Bg6 Rb8 36. Kh2 Rd8 37. Kg3 Rb8 38. Kf4 Kg8 39. Kg5 Ra8 40. g4 Kf8 41.
h5 Kg8 42. h6 gxh6+ 43. Kxh6 Rf8 44. g5 Rf1 45. Rc8+ Rf8 46. Rxf8+ Kxf8 47. Kh7 0-1

[Event "World Rapid Women 2017"]
[Site "Riyadh KSA"]
[Date "2017.12.26"]
[Round "2.39"]
[White "Gaponenko, Inna"]
[Black "Papp, Petra"]
[Result "1-0"]
[WhiteTitle "IM"]
[BlackTitle "WGM"]
[WhiteElo "2435"]
[BlackElo "2313"]
[WhiteFideId "14101181"]
[BlackFideId "739049"]
[EventDate "2017.12.26"]

1. e4 c5 2. c3 d5 3. exd5 Qxd5 4. d4 Nf6 5. Nf3 Bg4 6. Be2 e6 7. O-O Nc6 8. h3
Bh5 9. Be3 cxd4 10. cxd4 Be7 11. Nc3 Qd6 12. a3 O-O 13. Qb3 Nd5 14. Nxd5 Qxd5
15. Qxd5 exd5 16. g4 Bg6 17. Ne5 Nxe5 18. dxe5 f6 19. e6 f5 20. f4 Bf6 21. Bf3
fxg4 22. Bxd5 Rfd8 23. Rad1 gxh3 24. e7+ Rxd5 25. Rxd5 Bxe7 26. Rd7 Bf6 27. Rxb7
Re8 28. Bxa7 Re2 29. Rf2 Re1+ 30. Kh2 Bf5 31. Rd2 h6 32. Rb5 Bg4 33. a4 Re4 34.
Bb8 Rxa4 35. Be5 Bxe5 36. fxe5 Re4 37. b4 Kf7 38. Rb7+ Kg6 39. b5 Rxe5 40. Rb2
Kh5 41. Rxg7 Re1 42. b6 Bf3 43. Kxh3 Rh1+ 44. Kg3 Rg1+ 45. Kxf3 Rxg7 46. b7 Rf7+
47. Kg3 Rg7+ 48. Kh3 Rg8 49. b8=Q 1-0

[Event "World Rapid Women 2017"]
[Site "Riyadh KSA"]
[Date "2017.12.26"]
[Round "2.40"]
[White "Li, Ruofan"]
[Black "Belenkaya, Dina"]
[Result "1/2-1/2"]
[WhiteTitle "IM"]
[BlackTitle "WGM"]
[WhiteElo "2351"]
[BlackElo "2303"]
[WhiteFideId "8600643"]
[BlackFideId "24142654"]
[EventDate "2017.12.26"]

1. d4 d5 2. c4 dxc4 3. e3 Nf6 4. Nf3 e6 5. Bxc4 a6 6. Bb3 c5 7. O-O b5 8. a4 b4
9. Qe2 Bb7 10. Rd1 Nbd7 11. Nbd2 Be7 12. a5 O-O 13. Nc4 Qc7 14. Bd2 Bd5 15. Nfe5
Nxe5 16. dxe5 Bxc4 17. Bxc4 Qxe5 18. f4 Qc7 19. Bxa6 Ra7 20. Rdc1 Rfa8 21. Bd3
Rxa5 22. Rxa5 Qxa5 23. e4 Rd8 24. e5 Nd5 25. f5 exf5 26. e6 f6 27. Bxf5 g6 28.
Qg4 Kh8 29. Bxg6 Rg8 30. Qh5 Rxg6 31. Qxd5 Qa6 32. Re1 c4 33. Qd7 Qa8 34. g3 Rg7
35. Qd4 Qc8 36. Kg2 Rg8 37. Qe3 Qc6+ 38. Qe4 Qxe4+ 39. Rxe4 Rc8 40. Kf3 Kg7 41.
Re3 f5 42. Re5 Kf6 43. Re1 Rc6 44. h4 Rxe6 45. Rc1 Rc6 46. Bg5+ Kf7 47. Bxe7
Kxe7 48. Ke3 Rg6 49. Rxc4 Rxg3+ 50. Kf2 Rb3 51. Rc7+ Kf6 52. Rxh7 Rxb2+ 53. Kf3
Rb1 54. Rb7 b3 55. Kg2 b2 56. h5 f4 57. Rb3 Kg5 58. Rb5+ Kg4 59. h6 f3+ 60. Kf2
Rh1 61. Rb4+ Kg5 62. h7 Rxh7 63. Kxf3 Rh2 64. Ke3 Kf5 65. Kd3 Ke5 66. Kc3 Kd5
67. Rxb2 Rxb2 1/2-1/2

[Event "World Rapid Women 2017"]
[Site "Riyadh KSA"]
[Date "2017.12.26"]
[Round "2.41"]
[White "Szczepkowska, Karina"]
[Black "Voit, Daria"]
[Result "0-1"]
[WhiteTitle "IM"]
[BlackTitle "FM"]
[WhiteElo "2419"]
[BlackElo "2390"]
[WhiteFideId "1122681"]
[BlackFideId "4182146"]
[EventDate "2017.12.26"]

1. d4 Nf6 2. c4 e6 3. Nf3 Bb4+ 4. Bd2 c5 5. Bxb4 cxb4 6. a3 bxa3 7. Rxa3 O-O 8.
g3 Qc7 9. Nbd2 d6 10. Bg2 e5 11. O-O Nc6 12. d5 Nb4 13. e4 Bg4 14. h3 Bxf3 15.
Bxf3 Nd7 16. Bg2 Nc5 17. f4 exf4 18. gxf4 f5 19. exf5 Rxf5 20. Qg4 Rf6 21. Nf3
Ncd3 22. Ng5 Qxc4 23. Rc3 Qd4+ 24. Kh1 Nc5 25. Ne6 Nxe6 26. dxe6 Rg6 27. Qe2 Re8
28. f5 Rf6 29. Qb5 Nc6 30. Qxb7 Ne7 31. Rc7 Nxf5 32. Qb3 Qb6 33. Qxb6 axb6 34.
Kh2 Ne3 35. Rxf6 gxf6 36. e7 Nxg2 37. Kxg2 Kf7 38. Rc6 Rxe7 39. Rxb6 d5 40. Rd6
Re5 41. Kf3 Ke7 42. Ra6 d4 43. Ra4 Re3+ 44. Kg2 d3 45. Rd4 Ke6 46. b4 Ke5 47.
Rd8 Ke4 48. Re8+ Kf4 49. Rd8 Re2+ 50. Kf1 Ke3 51. Re8+ Kf3 52. Rf8 Re6 53. Rd8
Ke3 54. Ke1 f5 55. Kd1 f4 56. b5 f3 57. b6 f2 58. Rf8 Rxb6 59. Re8+ Kf3 0-1

[Event "World Rapid Women 2017"]
[Site "Riyadh KSA"]
[Date "2017.12.26"]
[Round "2.42"]
[White "Enkhtuul, Altan-Ulzii"]
[Black "Arakhamia-Grant, Ketevan"]
[Result "0-1"]
[WhiteTitle "WGM"]
[BlackTitle "GM"]
[WhiteElo "2344"]
[BlackElo "2350"]
[WhiteFideId "4901444"]
[BlackFideId "13600168"]
[EventDate "2017.12.26"]

1. d4 Nf6 2. Nf3 g6 3. Bf4 Bg7 4. e3 d6 5. c3 O-O 6. h3 Nbd7 7. Be2 b6 8. O-O
Bb7 9. a4 a6 10. Nbd2 c5 11. b4 Nd5 12. Qb3 cxb4 13. cxb4 Nxf4 14. exf4 Nf6 15.
Bd3 Qd7 16. Kh2 Rac8 17. Rac1 b5 18. axb5 axb5 19. Qb1 e6 20. g3 Nd5 21. Be4 f5
22. Bxd5 Bxd5 23. Qd3 Qb7 24. Qe3 h6 25. Rfd1 Kh7 26. Ne1 Qb6 27. Nef3 Rc6 28.
Nb3 Rfc8 29. Rxc6 Rxc6 30. Na5 Rc2 31. Ne1 Rb2 32. Nd3 Bxd4 33. Qc1 Ra2 34. Qc8
Bg7 35. Kg1 Qd4 36. Nc6 Qxd3 37. Rf1 Qf3 0-1

[Event "World Rapid Women 2017"]
[Site "Riyadh KSA"]
[Date "2017.12.26"]
[Round "2.43"]
[White "Berend, Elvira"]
[Black "Vo, Thi Kim Phung"]
[Result "0-1"]
[WhiteTitle "WGM"]
[BlackTitle "WGM"]
[WhiteElo "2303"]
[BlackElo "2380"]
[WhiteFideId "4000510"]
[BlackFideId "12401838"]
[EventDate "2017.12.26"]

1. e4 e6 2. d3 d5 3. Nd2 Nd7 4. Ngf3 Bd6 5. g3 Ne7 6. Bg2 O-O 7. O-O c6 8. d4
dxe4 9. Nxe4 Bc7 10. c4 h6 11. Qc2 Nf5 12. Rd1 Nf6 13. Nc3 Bb6 14. Ne2 Bd7 15.
Bf4 Rc8 16. b4 Bc7 17. a4 a5 18. bxa5 Bxf4 19. Nxf4 Qxa5 20. Qb3 Rfd8 21. Nd3
Be8 22. Qb2 Qa7 23. c5 Nd5 24. Nde5 b6 25. cxb6 Nxb6 26. a5 Nd5 27. Nd3 Rb8 28.
Qc2 Rb5 29. a6 Nxd4 30. Nxd4 Qxd4 31. Bf1 Qa7 32. Ne5 Rb6 33. Qc5 Ra8 34. Rdc1
f6 35. Ng4 Bh5 36. Ra4 Bg6 37. Qd6 Bf7 38. Rxc6 Rxc6 39. Qxc6 h5 40. Ne3 Nxe3
41. fxe3 Qxe3+ 42. Kg2 Ra7 43. Qf3 Qd2+ 44. Qf2 Qd7 45. Rd4 Qe7 46. Kg1 Bg6 47.
Rd1 e5 48. Qb6 Kh7 49. Qd6 Qf7 50. Qd5 Qc7 51. Qd6 Qc3 52. Qd2 Qb3 53. Re1 Qb6+
54. Qe3 Rxa6 55. Bxa6 Qxa6 56. Rc1 Qb7 57. Re1 Qd5 58. h3 Bf5 59. Kh2 Qe6 60.
Qf3 Kh6 61. Qe3+ Kg6 62. h4 Bg4 63. Qe4+ Kh6 64. Qe3+ Kh7 65. Qe4+ Bf5 66. Qf3
Bg4 67. Qe4+ Kh6 68. Qe3+ Kg6 69. Qe4+ Bf5 70. Qe3 Qc4 71. Re2 Qg4 72. Re1 Kh7
73. Kg1 Qc4 74. Kh2 Qc2+ 75. Re2 Qd1 76. Re1 Qd5 77. Re2 Kg6 78. Re1 Kf7 79. Re2
Bg4 80. Rd2 Qe6 81. Qa7+ Kg6 82. Qe3 Qc6 83. Rf2 Qc4 84. Kg1 Bf5 85. Re2 Bd3 86.
Re1 Bf5 87. Re2 Qd5 88. Re1 Kf7 89. Qa7+ Kg6 90. Qe3 Qb7 91. Kh2 Kf7 92. Kg1 Bg4
93. Qe4 Qb6+ 94. Qe3 Qc6 95. Qb3+ Kg6 96. Qe3 Bf3 97. Rc1 Qd5 98. Qc5 Qd7 99.
Qf2 e4 100. Kh2 Qd3 101. Re1 Kh7 102. Re3 Qd1 103. Re1 Qd6 104. Qe3 Qe5 105. Qf2
Qc7 106. Kg1 f5 107. Kh2 Qb8 108. Qd2 Qe5 109. Qf2 Qf6 110. Qd2 Qg6 111. Qf4 Qf6
112. Qd2 Qb6 113. Kh3 Qc5 114. Qe3 Qc2 115. Rg1 Bg4# 0-1